000 00678nam a2200253Ia 4500
003 OSt
005 20221005122542.0
006 a|||||r|||| 00| 0
007 ta
008 221004b |||||||| |||| 00| 0 eng d
024 _a51997
037 _cTextual
040 _aCRL
_cCRL
_beng
041 _2eng
_aeng
082 _aQ43:23, 498K6.1-2
100 _aRaghu Vira Ed.
_950876
245 0 _aKalacakra - tantra and other texts
260 _c1966
490 _vPart 2
650 _aRELIGION
700 _a Lokesh Chandra Ed.
_937963
942 _hQ43:23, 498K6.1-2
_cTEXL
_2cc
999 _c1044629
_d1044629